Một số điều chỉnh chính sách đối ngoại của Liên minh Châu Âu trong bối cảnh mới /
Enregistré dans:
| Auteur principal: | |
|---|---|
| Format: | Article |
| Langue: | Vietnamese |
| Sujets: | |
| Tags: |
Ajouter un tag
Pas de tags, Soyez le premier à ajouter un tag!
|
| Thư viện lưu trữ: | Thư viện Trường Đại học Đà Lạt |
|---|
| LEADER | 00893nam a2200313 4500 | ||
|---|---|---|---|
| 001 | DLU170179183 | ||
| 005 | ##20170317 | ||
| 040 | # | # | |a DLU |b vie |
| 041 | # | # | |a vie |
| 044 | # | # | |a vn |
| 100 | # | # | |a Đặng Minh Đức |
| 245 | # | # | |a Một số điều chỉnh chính sách đối ngoại của Liên minh Châu Âu trong bối cảnh mới / |c Đặng Minh Đức |
| 653 | # | # | |a Đối ngoại |
| 653 | # | # | |a Điều chỉnh |
| 653 | # | # | |a Chính sách |
| 653 | # | # | |a EU |
| 653 | # | # | |a Lisbon |
| 653 | # | # | |a Mỹ |
| 653 | # | # | |a Trung Quốc |
| 773 | # | # | |t Nghiên cứu Châu Âu |g Số 7(178), 2015, tr. 9-20 |
| 920 | # | # | |a Phòng Tạp chí -- Trung tâm Thông tin - Thư viện Trường Đại học Đà Lạt |
| 994 | # | # | |a DLU |
| 900 | # | # | |a True |
| 911 | # | # | |a Nguyễn Thị Tưởng |
| 925 | # | # | |a G |
| 926 | # | # | |a A |
| 927 | # | # | |a BB |
| 980 | # | # | |a Thư viện Trường Đại học Đà Lạt |